000
00301nam a2200133 4500
008
230619b xxu||||| |||| 00| 0 eng d
020
_a
0750626267
082
_a
005.8
_b
STE
100
_c
Moira Stephen
245
_a
Word Pro Made Simple
260
_b
Oxford
_c
1995
300
_a
150p
942
_2
ddc
_c
BK
999
_c
1218
_d
1218